000
00301nam a22001217a 4500
082
_a
808.2
_b
SAE
100
_a
Saeed,Prof.Dr.Muhammad
245
_a
Academic Writing for Research Students
260
_a
Lahore:
_b
Minhaj University,
_c
2025
300
_a
185p.
563
_a
PB
942
_2
ddc
_c
BK
999
_c
614414
_d
614414